| 000 | 01097cam a2200289 a 4500 | ||
|---|---|---|---|
| 999 |
_c702 _d702 |
||
| 001 | (Sirsi) a948342 | ||
| 003 | OSt | ||
| 005 | 20191205091643.0 | ||
| 008 | 130318r20132006enk d 000 1 eng | ||
| 015 |
_aGBB328668 _2bnb |
||
| 020 |
_a9780141346847 _q(pbk.) : |
||
| 020 |
_a0141346841 _q(pbk.) : |
||
| 040 |
_aStDuBDS _beng _cStDuBDS _dTAE |
||
| 042 | _anbic | ||
| 082 | _aFIC RIO | ||
| 100 | 1 |
_aRiordan, Rick. _eauthor |
|
| 245 | 1 | 0 |
_aPercy Jackson and the sea of monsters / _cRick Riordan. |
| 260 |
_aLondon : _bPuffin, _c2013. |
||
| 300 |
_a264 p. ; _c20 cm. |
||
| 440 | _aPercy Jackson | ||
| 500 | _aOriginally published: New York: Hyperion Books for Children; London: Puffin, 2006. | ||
| 520 | _aDemi-god Percy Jackson and his friends must journey into the Sea of Monsters to save their camp. But first Percy will discover a secret that makes him wonder whether being claimed as Poseidon's son is an honor or a cruel joke. | ||
| 521 | 1 | _a10-15. | |
| 650 | 0 |
_aJackson, Percy (Fictitious character) _vJuvenile fiction. |
|
| 650 | 0 |
_aGods, Greek _vJuvenile fiction. |
|
| 942 |
_2ddc _cFIC |
||